I want my marriage to be better. (Record no. 14604)

000 -LEADER
fixed length control field 00590nam a2200193 a 4500
001 - CONTROL NUMBER
control field :::00012436$&:&@@
003 - CONTROL NUMBER IDENTIFIER
control field OkBaRHE
005 - DATE AND TIME OF LATEST TRANSACTION
control field 20000607103419.0
008 - FIXED-LENGTH DATA ELEMENTS--GENERAL INFORMATION
fixed length control field s1976 j 000 0 eng u
040 ## - CATALOGING SOURCE
Transcribing agency
100 1# - MAIN ENTRY--PERSONAL NAME
Personal name Brandt, Henry R.
245 10 - TITLE STATEMENT
Title I want my marriage to be better.
260 ## - PUBLICATION, DISTRIBUTION, ETC. (IMPRINT)
Place of publication, distribution, etc Grand Rapids, MI., :
Name of publisher, distributor, etc Zondervan Publishing House
Date of publication, distribution, etc c1976
300 ## - PHYSICAL DESCRIPTION
Extent 159 p. ;
Dimensions 21 cm.
650 ## - SUBJECT ADDED ENTRY--TOPICAL TERM
Topical term or geographic name as entry element Marriage
700 ## - ADDED ENTRY--PERSONAL NAME
Personal name Landrum, Phil, joint author.
942 ## - ADDED ENTRY ELEMENTS (KOHA)
Source of classification or shelving scheme
Koha item type Books
Copies
Shelving location Not for loan Copy number Withdrawn status Barcode Permanent Location Damaged status Lost status Source of classification or shelving scheme Price effective from Date last seen Full call number Koha item type Date acquired
General Stacks 1 12436RHEMA Bible Training College   2010-04-142010-04-14HQ 734 .B79Books2010-04-14